La caja de pandora. Aspectos cambiantes de un símbolo mítico
Bewaard in:
| Hoofdauteur: | |
|---|---|
| Formaat: | Onbekend |
| Taal: | Engels |
| Gepubliceerd in: |
Buenos Aires, Argentina.
Sans Soleil Ediciones,
2020
|
| Reeks: | Colección Pigmalión,
21 |
| Onderwerpen: | |
| Tags: |
Voeg label toe
Geen labels, Wees de eerste die dit record labelt!
|
MARC
| LEADER | 00000 a2200000 4500 | ||
|---|---|---|---|
| 003 | CL-VaPUC | ||
| 005 | 20211008090429.0 | ||
| 008 | 210827b2020 ||||| |||| 00| 0 eng d | ||
| 999 | |c 433432 |d 433430 | ||
| 020 | |a 9788412157802 | ||
| 040 | |c Pontificia Universidad Católica de Valparaíso | ||
| 082 | |a 704.947 PAN 2020 | ||
| 100 | 1 | |a Panofsky, Dora |e autora |9 862879 | |
| 245 | 1 | 3 | |a La caja de pandora. |b Aspectos cambiantes de un símbolo mítico |
| 260 | |a Buenos Aires, Argentina. |b Sans Soleil Ediciones, |c 2020 | ||
| 300 | |a 247 páginas | ||
| 490 | |a Colección Pigmalión, |v 21 | ||
| 583 | |k Cristina Rojas |c 20210827 | ||
| 600 | |a Pandora |c (Personaje mitología griega) |v Arte |9 862902 | ||
| 942 | |2 ddc |c BK | ||
| 952 | |0 0 |1 0 |2 ddc |4 0 |6 704_947000000000000_PAN_2020 |7 0 |8 A |9 578779 |a BIBART |b BIBART |d 2021-08-30 |e 135 |g 28000.00 |i 5588227 |o 704.947 PAN 2020 |p 5588227 |r 2025-03-13 |t 1 |v 28000.00 |w 2021-08-30 |y BK |k ART | ||